न्यायकारिकावली भाषापरिच्छद तथा उसकी टीका (Record no. 44137)
[ view plain ]
| 000 -LEADER | |
|---|---|
| fixed length control field | 008400000a22001810004500 |
| 003 - CONTROL NUMBER IDENTIFIER | |
| control field | MACL |
| 005 - DATE AND TIME OF LATEST TRANSACTION | |
| control field | 20160611161634.0 |
| 008 - FIXED-LENGTH DATA ELEMENTS--GENERAL INFORMATION | |
| fixed length control field | 160611b xxu||||| |||| 00| 0 eng d |
| 040 ## - CATALOGING SOURCE | |
| Original cataloging agency | MACL |
| Transcribing agency | macl |
| 041 ## - LANGUAGE CODE | |
| Language code of text/sound track or separate title | Hindi |
| 082 ## - DEWEY DECIMAL CLASSIFICATION NUMBER | |
| Classification number | 340 SAS |
| 100 ## - MAIN ENTRY--PERSONAL NAME | |
| Personal name | शस्त्री, अध्यापाक धर्मेन्द्रनाथ |
| 9 (RLIN) | 64484 |
| 245 ## - TITLE STATEMENT | |
| Title | न्यायकारिकावली भाषापरिच्छद तथा उसकी टीका |
| Remainder of title | न्यायसिद्धान्तमुक्तावली |
| Statement of responsibility, etc. | धर्मेन्द्रनाथ शास्त्री |
| 260 ## - PUBLICATION, DISTRIBUTION, ETC. (IMPRINT) | |
| Name of publisher, distributor, etc. | मोतीलाल बनारसीदास पब्लिशर्स |
| Date of publication, distribution, etc. | 1953 |
| Place of publication, distribution, etc. | बनारस |
| 350 ## - PRICE (NR) (BK AM CF MU VM SE) [OBSOLETE] | |
| Price | 5 |
| 650 ## - SUBJECT ADDED ENTRY--TOPICAL TERM | |
| Topical term or geographic name as entry element | लॉ |
| 9 (RLIN) | 33609 |
| 942 ## - ADDED ENTRY ELEMENTS (KOHA) | |
| Koha item type | Hindi Books |
| Call number prefix | 340/SAS |
| Source of classification or shelving scheme | |
| Withdrawn status | Lost status | Source of classification or shelving scheme | Damaged status | Not for loan | Home library | Current library | Date acquired | Cost, normal purchase price | Total Checkouts | Full call number | Barcode | Date last seen | Uniform Resource Identifier | Price effective from | Koha item type |
|---|---|---|---|---|---|---|---|---|---|---|---|---|---|---|---|
| MACL | MACL | 15/04/2015 | 5.00 | 340/SAS | CRS001514 | 29/04/2015 | 44428 | 15/04/2015 | Books |









